000 00359nam a2200145 i 4500
001 bg
100 1 _aCHOLEWICKA-GOŹDZIK, Krystyna
245 0 _aKompleksowa ocena jakości /
_cK. Cholewicka-Gożdzik.
260 _aWarszawa,
_c1984.
040 _cBPK
041 _apol
080 _a658.56::66/69
942 _cKS
008 s pl f |000 0 pol
999 _c2094
_d2094
856 _uhttp://koha.tu.koszalin.pl/cgi-bin/koha/opac-detail.pl?biblionumber=2094
_yKatalog online BPK